| 000 | 00733nam a2200253 a 4500 | ||
|---|---|---|---|
| 001 | 53905 | ||
| 003 | BD-RjUL | ||
| 005 | 20211209080036.0 | ||
| 008 | 161029s1988 e a|||| |||| 00| 0 eng d | ||
| 020 | _a9231025309 (vol 2) | ||
| 035 | _a(BD-RjUL)54027 | ||
| 040 |
_aBD-RjUL _beng _cBD-RjUL |
||
| 041 | _aeng | ||
| 082 |
_a507 _bINN 1988 |
||
| 245 | 0 | 0 |
_aInnovations in science and technology education / _cEdited by David Layton |
| 260 |
_aBelgium : _bUNESCO, _c1988 |
||
| 300 |
_aV. : _bill. ; _c24 cm. |
||
| 505 | _aVol.-1 --- | ||
| 650 |
_aScience _xStudy and teaching. _9161004 |
||
| 650 |
_aTechnical education _9161005 |
||
| 650 |
_aEducational innovations _9149149 |
||
| 700 |
_aLayton, David _9161006 |
||
| 942 |
_2ddc _cBK |
||
| 999 |
_c53905 _d53905 |
||